000 02151nam a22002777a 4500
005 20251024093800.0
008 251023b |||||||| |||| 00| 0 eng d
020 _a9788131518472
040 _cAL
041 _aeng
082 _a531.11
_bTHOC
100 _aStephen T Thornton
_9242614
245 _aClassical dynamics of particles and systems
250 _a5
260 _aDelhi
_bCengage Learning
_c2024
300 _axvi,656p
_bPB
_c23x17.5cm
365 _2Physics
_aMAA4-3331584
_b₹731.00
_c
_d₹731.00
_e0
_f05-10-2025
520 _aThis best-selling classical mechanics text, written for the advanced undergraduate one- or two-semester course, provides a complete account of the classical mechanics of particles, systems of particles and rigid bodies. Vector calculus is used extensively to explore topics. The Lagrangian formulation of mechanics is introduced early to show its powerful problem solving ability. . Modern notation and terminology are used throughout in support of the text's objective: to facilitate students' transition to advanced physics and the mathematical formalism needed for the quantum theory of physics. CLASSICAL DYNAMICS OF PARTICLES AND SYSTEMS can easily be used for a one- or two-semester course, depending on the instructor's choice of topics.
521 _aTable of contents: 1. Matrices, Vectors, and Vector Calculus. 2. Newtonian Mechanics--Single Particle. 3. Oscillations. 4. Nonlinear Oscillations and Chaos. 5. Gravitation. 6. Some Methods in the Calculus of Variations. 7. Hamilton''s Principle--Lagrangian and Hamiltonian Dynamics. 8. Central-Force Motion. 9. Dynamics of a System of Particles. 10. Motion in a Noninertial Reference Frame. 11. Dynamics of Rigid Bodies. 12. Coupled Oscillations. 13. Continuous Systems: Waves. 14. The Special Theory of Relativity. Appendices. Selected References. Bibliography. Answers to Even-Numbered Problems.
650 _aNewtonian Mechanics
_9242571
650 _aCoupled Oscillations
_9242572
650 _aTaylors Theorem
_9242573
650 _aElliptic Integrals
_9242574
700 _aMarion, Jerry B
_9242575
942 _2ddc
_cBK
999 _c240582
_d240582